<?xml version="1.0" encoding="UTF-8"?>
<record
    xmlns:xsi="http://www.w3.org/2001/XMLSchema-instance"
    xsi:schemaLocation="http://www.loc.gov/MARC21/slim http://www.loc.gov/standards/marcxml/schema/MARC21slim.xsd"
    xmlns="http://www.loc.gov/MARC21/slim">

  <leader>00933cam a2200277 i 4500</leader>
  <controlfield tag="001">j  67003292 </controlfield>
  <controlfield tag="003">DLC</controlfield>
  <controlfield tag="005">20260227111522.0</controlfield>
  <controlfield tag="008">990709s1958    ja a          000 0 jpn  </controlfield>
  <datafield tag="010" ind1=" " ind2=" ">
    <subfield code="a">j  67003292 </subfield>
  </datafield>
  <datafield tag="035" ind1=" " ind2=" ">
    <subfield code="a">(CStRLIN)DCLP99-B8623</subfield>
  </datafield>
  <datafield tag="040" ind1=" " ind2=" ">
    <subfield code="a">DLC-R</subfield>
    <subfield code="c">DLC-R</subfield>
    <subfield code="d">DLC</subfield>
  </datafield>
  <datafield tag="050" ind1="0" ind2="0">
    <subfield code="a">HM251</subfield>
    <subfield code="b">.S43</subfield>
  </datafield>
  <datafield tag="066" ind1=" " ind2=" ">
    <subfield code="c">$1</subfield>
  </datafield>
  <datafield tag="245" ind1="0" ind2="0">
    <subfield code="6">880-01</subfield>
    <subfield code="a">Shakai shinrigaku /</subfield>
    <subfield code="c">&#x14C;i Heiichir&#x14D; t&#x14D; ky&#x14D;cho.</subfield>
  </datafield>
  <datafield tag="260" ind1=" " ind2=" ">
    <subfield code="6">880-02</subfield>
    <subfield code="a">[Tokyo] :</subfield>
    <subfield code="b">Daiichi Hy&#x14D;ronsha,</subfield>
    <subfield code="c">[1958]</subfield>
  </datafield>
  <datafield tag="300" ind1=" " ind2=" ">
    <subfield code="a">2, 7, 171 p. :</subfield>
    <subfield code="b">ill. ;</subfield>
    <subfield code="c">22 cm.</subfield>
  </datafield>
  <datafield tag="500" ind1=" " ind2=" ">
    <subfield code="a">In colophon: Henchosha Katanaga Shigeji.</subfield>
  </datafield>
  <datafield tag="650" ind1=" " ind2="0">
    <subfield code="a">Social psychology.</subfield>
  </datafield>
  <datafield tag="700" ind1="1" ind2=" ">
    <subfield code="6">880-03</subfield>
    <subfield code="a">&#x14C;i, Heiichir&#x14D;,</subfield>
    <subfield code="d">1907-</subfield>
  </datafield>
  <datafield tag="700" ind1="1" ind2=" ">
    <subfield code="6">880-04</subfield>
    <subfield code="a">Katanaga, Shigeji,</subfield>
    <subfield code="d">1907-</subfield>
  </datafield>
  <datafield tag="880" ind1="0" ind2="0">
    <subfield code="6">245-01/$1</subfield>
    <subfield code="a">&#x793E;&#x6703;&#x5FC3;&#x7406;&#x5B78; /</subfield>
    <subfield code="c">&#x5927;&#x5C45;&#x5E73;&#x4E00;&#x90CE;&#x7B49;&#x5171;&#x8457;.</subfield>
  </datafield>
  <datafield tag="880" ind1=" " ind2=" ">
    <subfield code="6">260-02/$1</subfield>
    <subfield code="a">[Tokyo] :</subfield>
    <subfield code="b">&#x7B2C;&#x4E00;&#x8A55;&#x8AD6;&#x793E;,</subfield>
    <subfield code="c">[1958]</subfield>
  </datafield>
  <datafield tag="880" ind1="1" ind2=" ">
    <subfield code="6">700-03/$1</subfield>
    <subfield code="a">&#x5927;&#x5C45;&#x5E73;&#x4E00;&#x90CE;,</subfield>
    <subfield code="d">1907-</subfield>
  </datafield>
  <datafield tag="880" ind1="1" ind2=" ">
    <subfield code="6">700-04/$1</subfield>
    <subfield code="a">&#x6F5F;&#x6C38;&#x91CD;&#x6B21;,</subfield>
    <subfield code="d">1907-</subfield>
  </datafield>
  <datafield tag="999" ind1=" " ind2=" ">
    <subfield code="c">35166</subfield>
    <subfield code="d">35166</subfield>
  </datafield>
</record>
